Из современной исландской поэзии: сборник; пер. с исланд.

Bibliographic Details
Other Authors: Бочкарева И. (автор сопроводительного материала)
Language:Russian
Published: Москва, Радуга, 1987
Series:Из национальной поэзии
Subjects:
Format: Book
KOHA link:https://koha.lib.tpu.ru/cgi-bin/koha/opac-detail.pl?biblionumber=359717

MARC

LEADER 00000nam0a2200000 4500
001 359717
005 20231102011220.0
035 |a (RuTPU)RU\TPU\retro\16997 
090 |a 359717 
100 |a 20201203d1987 m y0rusy50 ca 
101 1 |a rus  |c ice 
102 |a RU 
105 |a y z 001gy 
200 1 |a Из современной исландской поэзии  |e сборник  |e пер. с исланд.  |f  авт. пресл., примеч. И. Бочкарева 
210 |a Москва  |c Радуга  |d 1987 
215 |a 216 с. 
225 1 |a Из национальной поэзии 
320 |a Вступительная статья: с. 5-16 
320 |a Примечания: с. 202-206 
320 |a Коротко об авторах: с. 207-208 
606 1 |a Скандинавские страны  |x Литература  |2 stltpush  |3 (RuTPU)RU\TPU\subj\55010  |9 73082 
610 1 |a художественная литература 
610 1 |a исландская литература 
610 1 |a скандинавская литература 
610 1 |a поэзия 
675 |a 839.5/.8  |v 4 
702 1 |a Бочкарева  |b И.  |4 770 
801 1 |a RU  |b 63413507  |c 20201203 
801 2 |a RU  |b 63413507  |c 20210421  |g RCR 
942 |c BK